Statistics for F1 Winners: Sergio Pérez

Click here to take the quiz!

General Stats

  • This quiz has been taken 254 times
  • The average score is 5 of 6

Answer Stats

SeasonTeamGrand Prix% Correct
2020Racing PointSakhir
94%
2022Red BullMonaco
93%
2021Red BullAzerbaijan
92%
2023Red BullAzerbaijan
92%
2023Red BullSaudi Arabia
86%
2022Red BullSingapore
79%

Score Distribution

Percentile by Number Answered

Percent of People with Each Score

Your Score History

You have not taken this quiz